| 000 | 00463nam a22001577a 4500 | ||
|---|---|---|---|
| 005 | 20250225101126.0 | ||
| 008 | 250225b |||||||| |||| 00| 0 eng d | ||
| 020 | _a9780721695327 | ||
| 050 |
_aRM216 _b.P67 |
||
| 100 | _aPeckenpaugh, Nancy J. | ||
| 245 |
_aNutrition Essentials and Diet Therapy/ _cNancy J. Peckenpaugh |
||
| 250 | _a9th ed. | ||
| 260 |
_aPhiladelphia _bSaunders _c2003 |
||
| 300 |
_axvi. 665p. _bill. some color _c23cm |
||
| 942 |
_2lcc _cBK _e9th ed. _n0 |
||
| 999 |
_c4294 _d4294 |
||